[Event "Play for Durgesh Fundraiser Blitz"]
[Site "Vishy Anand Arena"]
[Date "2020.09.19"]
[Round "3"]
[White "Yutikareddi"]
[Black "Supriya H B"]
[Result "0-1"]
[WhiteElo "1620"]
[BlackElo "1620"]
[Annotator "NA"]
[PlyCount "60"]
[EventDate "2020.09.19"]
[EventType "swiss (blitz)"]

1. e4 c5 2. Nf3 Nc6 3. Nc3 d6 4. Bc4 Bg4 5. d3 Nf6 6. O-O g6 7. Bf4 Bg7 8. h3 Be6 9. Bg5 O-O 10. Nh4 Bxc4 11. dxc4 Ne5 12. Bxf6 Bxf6 13. f4 Nxc4 14. Nf3 b5 15. Nxb5 a6 16. Na3 Rb8 17. Rb1 Nxa3 18. bxa3 Qc7 19. Nh2 c4 20. Qg4 Bg7 21. Nf3 Qc5+ 22. Rf2 Rxb1+ 23. Kh2 Qxf2 24. Ng5 Qg1+ 25. Kg3 Qe1+ 26. Kf3 Qd1+ 27. Kg3 Qf3+ 28. Kxf3 Rf1+ 29. Ke3 Rc1 30. Qh4 h6 0-1

[Event "Play for Durgesh Fundraiser Blitz"]
[Site "Vishy Anand Arena"]
[Date "2020.09.19"]
[Round "3"]
[White "kaushikr98"]
[Black "aadit1728"]
[Result "0-1"]
[WhiteElo "1620"]
[BlackElo "2005"]
[Annotator "NA"]
[PlyCount "104"]
[EventDate "2020.09.19"]
[EventType "swiss (blitz)"]

1. e4 c5 2. Nf3 d6 3. Bb5+ Nc6 4. Bxc6+ bxc6 5. O-O g6 6. e5 Bg7 7. exd6 exd6 8. Re1+ Ne7 9. Qe2 Bf6 10. d3 O-O 11. Nc3 Re8 12. Ne4 Bg7 13. Bg5 Be6 14. Nf6+ Bxf6 15. Bxf6 Qd7 16. Ng5 Nd5 17. Bc3 Nxc3 18. bxc3 Bd5 19. Qd2 f6 20. Ne4 Bxe4 21. dxe4 Rad8 22. f3 Qc7 23. Qf2 Qa5 24. Qd2 Kg7 25. h4 d5 26. exd5 Rxe1+ 27. Qxe1 Rxd5 28. Qe7+ Kh6 29. g4 Qd8 30. Qe3+ Kg7 31. Re1 Re5 32. Qf2 Rxe1+ 33. Qxe1 Qd6 34. Kg2 h6 35. Qe3 f5 36. g5 hxg5 37. hxg5 Kf7 38. c4 Qd7 39. a4 Qd6 40. c3 Qd1 41. Qxc5 Qe2+ 42. Kg3 Qe1+ 43. Qf2 Qxc3 44. Qxa7+ Ke6 45. Qc5 Qe1+ 46. Qf2 Qa1 47. Qe3+ Kd7 48. Qb6 Qe1+ 49. Qf2 f4+ 50. Kg2 Qe5 51. Qd2+ Kc7 52. Qf2 Qxg5+ 0-1

[Event "Play for Durgesh Fundraiser Blitz"]
[Site "Vishy Anand Arena"]
[Date "2020.09.19"]
[Round "3"]
[White "reymysterio"]
[Black "Beradia"]
[Result "1-0"]
[WhiteElo "1620"]
[BlackElo "1526"]
[Annotator "NA"]
[PlyCount "61"]
[EventDate "2020.09.19"]
[EventType "swiss (blitz)"]

1. c4 Nf6 2. Nf3 g6 3. g3 Bg7 4. Bg2 d5 5. cxd5 Nxd5 6. O-O Nc6 7. Nc3 Nxc3 8. dxc3 Bf5 9. Qb3 Rb8 10. Bf4 O-O 11. Rfd1 Qe8 12. Bxc7 Rc8 13. Qxb7 Be4 14. Nh4 Bxg2 15. Nxg2 e5 16. Bd6 Nd8 17. Qxa7 Qc6 18. Bxf8 Bxf8 19. Qd7 Qa8 20. Ne3 Ne6 21. Nd5 Rd8 22. Qb5 Bc5 23. Nf6+ Kg7 24. Rxd8 Qxd8 25. Ne4 Ba7 26. Qd3 Qb6 27. e3 Qxb2 28. Rb1 Qxa2 29. Rb7 h5 30. Kg2 Ng5 31. Nxg5 1-0

[Event "Play for Durgesh Fundraiser Blitz"]
[Site "Vishy Anand Arena"]
[Date "2020.09.19"]
[Round "3"]
[White "srujankeerthan2005"]
[Black "Stany G A"]
[Result "0-1"]
[WhiteElo "1620"]
[BlackElo "2091"]
[Annotator "NA"]
[PlyCount "92"]
[EventDate "2020.09.19"]
[EventType "swiss (blitz)"]

1. e4 c5 2. Nf3 Nc6 3. d4 cxd4 4. Nxd4 e6 5. Nc3 Qc7 6. a3 a6 7. Be3 Nf6 8. f3 Be7 9. Qd2 O-O 10. O-O-O Rd8 11. g4 d5 12. g5 Nh5 13. exd5 exd5 14. h4 Ne5 15. Kb1 b5 16. f4 Nc4 17. Bxc4 bxc4 18. Rhg1 Rb8 19. Ka2 Bd6 20. f5 Be5 21. Qe2 g6 22. fxg6 hxg6 23. Qf3 Be6 24. Rgf1 Rd6 25. Nde2 Qb7 26. Rb1 d4 27. Qxb7 Rxb7 28. Ne4 dxe3 29. Nxd6 Bxd6 30. Nd4 Bd5 31. Rbe1 Bc5 32. c3 Bxd4 33. cxd4 c3+ 34. Ka1 cxb2+ 35. Kb1 Be4+ 36. Ka2 b1=Q+ 37. Rxb1 Bxb1+ 38. Rxb1 Rxb1 39. Kxb1 e2 40. Kb2 e1=Q 41. d5 Nf4 42. Kb3 Nd3 43. a4 Qb4+ 44. Ka2 Qc4+ 45. Ka3 Qc3+ 46. Ka2 Qb2# 0-1

[Event "Play for Durgesh Fundraiser Blitz"]
[Site "Vishy Anand Arena"]
[Date "2020.09.19"]
[Round "3"]
[White "advay_aggarwal"]
[Black "Muralikrishna"]
[Result "0-1"]
[WhiteElo "1613"]
[BlackElo "1845"]
[Annotator "NA"]
[PlyCount "26"]
[EventDate "2020.09.19"]
[EventType "swiss (blitz)"]

1. e4 Nc6 2. d4 e5 3. d5 Nce7 4. Nf3 Ng6 5. Nc3 Nf6 6. Bg5 Bc5 7. Bxf6 Qxf6 8. Bc4 d6 9. O-O Nf4 10. h3 O-O 11. a3 Qg6 12. g3 Qxg3+ 13. Kh1 Qg2# 0-1

[Event "Play for Durgesh Fundraiser Blitz"]
[Site "Vishy Anand Arena"]
[Date "2020.09.19"]
[Round "3"]
[White "Aditya_06"]
[Black "Bhabnish7"]
[Result "1-0"]
[WhiteElo "1604"]
[BlackElo "1272"]
[Annotator "NA"]
[PlyCount "55"]
[EventDate "2020.09.19"]
[EventType "swiss (blitz)"]

1. d4 Nf6 2. c4 e6 3. Nc3 Bb4 4. e3 O-O 5. Bd3 d5 6. Nge2 c5 7. O-O cxd4 8. Nxd4 Qc7 9. cxd5 exd5 10. Bd2 Bxc3 11. Bxc3 Bd7 12. Rc1 Nc6 13. b4 Qb6 14. b5 Nxd4 15. Bxd4 Qa5 16. Qb3 Rfc8 17. Qb2 Rxc1 18. Rxc1 Rc8 19. Rf1 Rb8 20. Bxf6 gxf6 21. Qxf6 Bxb5 22. Qg5+ Kh8 23. Bxb5 Qxb5 24. Qe5+ Kg8 25. Qxb8+ Kg7 26. Qe5+ Kf8 27. Rc1 Kg8 28. Rc8+ 1-0

[Event "Play for Durgesh Fundraiser Blitz"]
[Site "Vishy Anand Arena"]
[Date "2020.09.19"]
[Round "3"]
[White "Sadhika"]
[Black "Cubing siddanth"]
[Result "1-0"]
[WhiteElo "1603"]
[BlackElo "1419"]
[Annotator "NA"]
[PlyCount "29"]
[EventDate "2020.09.19"]
[EventType "swiss (blitz)"]

1. e4 c5 2. Nc3 d6 3. f4 Nf6 4. Nf3 Nc6 5. Bb5 Bd7 6. Bxc6 Bxc6 7. d3 g6 8. O-O Qc7 9. Be3 d5 10. exd5 Bxd5 11. Nb5 Qb8 12. c4 Bxf3 13. Qxf3 g5 14. fxg5 Qxh2+ 15. Kxh2 1-0

[Event "Play for Durgesh Fundraiser Blitz"]
[Site "Vishy Anand Arena"]
[Date "2020.09.19"]
[Round "3"]
[White "abhi_golu"]
[Black "Passedpawnindia"]
[Result "0-1"]
[WhiteElo "1594"]
[BlackElo "1821"]
[Annotator "NA"]
[PlyCount "96"]
[EventDate "2020.09.19"]
[EventType "swiss (blitz)"]

1. e4 c5 2. Nf3 Nc6 3. c3 d5 4. exd5 Qxd5 5. d4 e6 6. Be2 Nf6 7. O-O Be7 8. dxc5 Bxc5 9. Qxd5 Nxd5 10. Nbd2 O-O 11. Nc4 b6 12. Re1 Bb7 13. b4 Be7 14. Bb2 Rac8 15. Nce5 Nxe5 16. Nxe5 Nxc3 17. a3 Rfd8 18. h3 Na4 19. Bc1 Bf6 20. Bf4 Nc3 21. Bf1 Nd5 22. Bh2 Nc3 23. Bg3 h5 24. h4 Ne4 25. Nf3 Nxg3 26. fxg3 Bxa1 27. Rxa1 Rc2 28. Kh2 Bxf3 29. Re1 Rdd2 30. Kh1 Bxg2+ 31. Bxg2 Rxg2 32. Rb1 Rh2+ 33. Kg1 Rcg2+ 34. Kf1 Rh1+ 35. Kxg2 Rxb1 36. Kf3 Rb3+ 37. Kf4 Rxa3 38. Kg5 Rb3 39. Kf4 Rxb4+ 40. Ke5 Rg4 41. Kd6 Rxg3 42. Kc7 Rg4 43. Kb7 Rxh4 44. Kb8 Rg4 45. Kb7 h4 46. Kxa7 h3 47. Kb7 h2 48. Kb8 h1=Q 0-1

[Event "Play for Durgesh Fundraiser Blitz"]
[Site "Vishy Anand Arena"]
[Date "2020.09.19"]
[Round "3"]
[White "Harshinianand"]
[Black "Abhishek20082000"]
[Result "0-1"]
[WhiteElo "1593"]
[BlackElo "1498"]
[Annotator "NA"]
[PlyCount "62"]
[EventDate "2020.09.19"]
[EventType "swiss (blitz)"]

1. e4 e6 2. d4 d5 3. Nd2 Nf6 4. e5 Nfd7 5. Bd3 c5 6. c3 Nc6 7. Ne2 Qb6 8. Nf3 cxd4 9. cxd4 Bb4+ 10. Nc3 Nxd4 11. O-O Nxf3+ 12. Qxf3 Bxc3 13. bxc3 Nxe5 14. Qg3 O-O 15. Be3 Qc7 16. Bd4 f6 17. Bc2 Qd6 18. f4 Nf7 19. Qd3 g6 20. h4 f5 21. Rad1 Bd7 22. c4 Rac8 23. c5 Qc7 24. a4 a6 25. Bb1 b5 26. h5 bxa4 27. hxg6 hxg6 28. Kf2 Bb5 29. Qh3 Bxf1 30. Rxf1 Nd8 31. Qh8+ Kf7 0-1

[Event "Play for Durgesh Fundraiser Blitz"]
[Site "Vishy Anand Arena"]
[Date "2020.09.19"]
[Round "3"]
[White "Tarun Mateti"]
[Black "Vishvajeet Singh"]
[Result "0-1"]
[WhiteElo "1593"]
[BlackElo "1579"]
[Annotator "NA"]
[PlyCount "58"]
[EventDate "2020.09.19"]
[EventType "swiss (blitz)"]

1. d4 d5 2. c4 Nf6 3. cxd5 Nxd5 4. e4 Nb6 5. Nc3 e6 6. Nf3 Bb4 7. Bd3 Nc6 8. O-O Bd7 9. Re1 O-O 10. e5 g6 11. Ng5 Be7 12. Qg4 Nxd4 13. Nxh7 Kxh7 14. Qxd4 Bc6 15. Qg4 Qxd3 16. Re3 Qf5 17. Rh3+ Kg8 18. Qe2 Nd5 19. Qd2 Nxc3 20. Qh6 Qxh3 21. Qxh3 Ne2+ 22. Kf1 Bb5 23. Ke1 Nxc1 24. Rxc1 Bb4+ 25. Kd1 Rad8+ 26. Kc2 Bd3+ 27. Kb3 Be4 28. a3 Bf5 29. Qh6 Rd3+ 0-1

[Event "Play for Durgesh Fundraiser Blitz"]
[Site "Vishy Anand Arena"]
[Date "2020.09.19"]
[Round "3"]
[White "Parthivkava"]
[Black "SHANKHADEEP2006"]
[Result "0-1"]
[WhiteElo "1591"]
[BlackElo "1667"]
[Annotator "NA"]
[PlyCount "58"]
[EventDate "2020.09.19"]
[EventType "swiss (blitz)"]

1. d4 Nf6 2. Bf4 d6 3. e3 c6 4. Nf3 Bg4 5. Bd3 Bxf3 6. Qxf3 g5 7. Bxg5 Qa5+ 8. c3 Qxg5 9. Nd2 h5 10. h4 Qg4 11. Qxg4 hxg4 12. Bf5 e6 13. Bd3 Nbd7 14. f3 gxf3 15. gxf3 e5 16. dxe5 Nxe5 17. Be2 Be7 18. Nc4 Nxc4 19. Bxc4 Nd5 20. e4 Bxh4+ 21. Ke2 Nf4+ 22. Ke3 Ng2+ 23. Ke2 O-O-O 24. Rh2 Nf4+ 25. Kd2 Bg3 26. Rxh8 Rxh8 27. Rg1 Rh2+ 28. Ke3 Re2+ 29. Kd4 Bf2# 0-1

[Event "Play for Durgesh Fundraiser Blitz"]
[Site "Vishy Anand Arena"]
[Date "2020.09.19"]
[Round "3"]
[White "TOY 2"]
[Black "Evilgenuisfanop2"]
[Result "1/2-1/2"]
[WhiteElo "1589"]
[BlackElo "1587"]
[Annotator "NA"]
[PlyCount "73"]
[EventDate "2020.09.19"]
[EventType "swiss (blitz)"]

1. d4 d5 2. Bf4 e6 3. e3 Bb4+ 4. c3 Bd6 5. Bg3 Nf6 6. Nd2 Ne4 7. Nxe4 dxe4 8. Qg4 g6 9. Qxe4 Nc6 10. Qc2 Bxg3 11. hxg3 e5 12. Nf3 Bf5 13. Bd3 Bxd3 14. Qxd3 O-O 15. O-O-O Re8 16. dxe5 Qxd3 17. Rxd3 Nxe5 18. Nxe5 Rxe5 19. Rd7 Rc5 20. Rh4 Rc6 21. Rf4 Rf8 22. Re4 Kg7 23. Ree7 Kf6 24. Rxc7 Rxc7 25. Rxc7 Ke6 26. Rxb7 f5 27. Rxh7 g5 28. Rxa7 f4 29. gxf4 gxf4 30. e4 f3 31. gxf3 Rxf3 32. Ra6+ Ke5 33. Kd2 Rxf2+ 34. Ke3 Rxb2 35. a4 Rb3 36. Rc6 Rb5 37. axb5 1/2-1/2

[Event "Play for Durgesh Fundraiser Blitz"]
[Site "Vishy Anand Arena"]
[Date "2020.09.19"]
[Round "3"]
[White "Amalraj001"]
[Black "Suryakhanal"]
[Result "1/2-1/2"]
[WhiteElo "1588"]
[BlackElo "1746"]
[Annotator "NA"]
[PlyCount "133"]
[EventDate "2020.09.19"]
[EventType "swiss (blitz)"]

1. e4 c5 2. c3 d5 3. exd5 Qxd5 4. d4 Nf6 5. Nf3 e6 6. Be2 Nc6 7. O-O Be7 8. c4 Qd8 9. Be3 cxd4 10. Bxd4 Nxd4 11. Nxd4 O-O 12. Nc3 Bd7 13. a3 Rc8 14. b3 a6 15. Bf3 Qc7 16. Ne4 Rfd8 17. Qe2 Nxe4 18. Bxe4 Bf6 19. Rad1 Be8 20. Nf3 b5 21. Rxd8 Rxd8 22. Bd3 bxc4 23. Bxc4 a5 24. a4 Bc6 25. h3 Qb7 26. Rd1 Rb8 27. Rd3 h6 28. Qd2 Bxf3 29. Rxf3 Rd8 30. Qe2 Rd4 31. Rd3 Qd7 32. Rxd4 Qxd4 33. g3 g6 34. Kg2 Kg7 35. h4 g5 36. hxg5 hxg5 37. Qf3 Qe5 38. Qd3 Qd4 39. Qxd4 Bxd4 40. f3 Bc3 41. Kf1 Bb4 42. Ke2 e5 43. Kd3 f6 44. Ke4 Be1 45. g4 Bb4 46. Kd5 Be1 47. Kd6 Bb4+ 48. Ke6 Be1 49. Kf5 Bb4 50. Bb5 Be1 51. Ke4 Bd2 52. Kd3 Bb4 53. Kc4 Be7 54. Bc6 Bb4 55. Be4 Be1 56. Bf5 Bb4 57. Kd5 Kf8 58. Ke4 Kg7 59. Kd5 Kf8 60. Ke6 Kg7 61. Be4 Be1 62. Kf5 Bb4 63. Bd5 Ba3 64. Be6 Bb4 65. Bd5 Be1 66. Be6 Bb4 67. Bd5 1/2-1/2

[Event "Play for Durgesh Fundraiser Blitz"]
[Site "Vishy Anand Arena"]
[Date "2020.09.19"]
[Round "3"]
[White "Sragvidhanvi"]
[Black "Shashank Karanam"]
[Result "1-0"]
[WhiteElo "1577"]
[BlackElo "1623"]
[Annotator "NA"]
[PlyCount "79"]
[EventDate "2020.09.19"]
[EventType "swiss (blitz)"]

1. d4 Nf6 2. Bf4 g6 3. Nc3 Bg7 4. e4 d6 5. Qd2 O-O 6. O-O-O Nc6 7. Nf3 Nd7 8. Bg5 f6 9. Bh6 Qe8 10. h4 e5 11. d5 Ne7 12. g4 Nc5 13. h5 Bxg4 14. Bxg7 Kxg7 15. hxg6 Qxg6 16. Rg1 Nxe4 17. Nxe4 Qxe4 18. Bh3 h5 19. Bxg4 hxg4 20. Nh4 Ng6 21. Rde1 Qf4 22. Nxg6 Kxg6 23. Qxf4 exf4 24. Rxg4+ Kf5 25. Reg1 Rf7 26. Kd2 c6 27. dxc6 bxc6 28. Ke2 Re8+ 29. Kf3 Re4 30. Rh1 Rd4 31. Rhh4 Re7 32. Rxf4+ Rxf4+ 33. Rxf4+ Kg6 34. Rg4+ Kf7 35. Re4 f5 36. Rxe7+ Kxe7 37. Kf4 Kf6 38. f3 d5 39. c3 c5 40. a3 1-0

[Event "Play for Durgesh Fundraiser Blitz"]
[Site "Vishy Anand Arena"]
[Date "2020.09.19"]
[Round "3"]
[White "DrVykterstein"]
[Black "Sanjo_hunter"]
[Result "0-1"]
[WhiteElo "1575"]
[BlackElo "1582"]
[Annotator "NA"]
[PlyCount "142"]
[EventDate "2020.09.19"]
[EventType "swiss (blitz)"]

1. e4 e5 2. Bc4 Bc5 3. Nf3 Nc6 4. O-O d6 5. c3 Bb6 6. d4 Bg4 7. d5 Bxf3 8. Qxf3 Nce7 9. a4 Ng6 10. a5 Bc5 11. b4 Nf6 12. bxc5 dxc5 13. Bg5 O-O 14. Bxf6 gxf6 15. Nd2 Kh8 16. Kh1 Rg8 17. Qe3 Qd7 18. Rg1 Nf4 19. Nf3 Rg7 20. g3 Nh3 21. Rg2 Rag8 22. Nh4 Rg4 23. Nf5 Qe8 24. Qh6 Ng5 25. Qxf6+ Rg7 26. f3 Qg8 27. fxg4 Nxe4 28. Nxg7 Nxf6 29. Nf5 Nxg4 30. h3 Nf6 31. g4 Ne4 32. Bd3 Nxc3 33. Rc1 Nxd5 34. Be4 c6 35. Bxd5 cxd5 36. Rxc5 Qd8 37. Rd2 d4 38. Re2 f6 39. Rd2 b6 40. axb6 axb6 41. Rc6 Qa8 42. Rdc2 h6 43. Kh2 Kh7 44. Rc7+ Kg6 45. Ne7+ Kg5 46. Nf5 Qf3 47. Rg7+ Kf4 48. Rgc7 Qd3 49. Rf2+ Ke4 50. Nxh6 Kd5 51. Kg1 Qd1+ 52. Kg2 Qd3 53. Rxf6 Qe4+ 54. Kg1 Qe3+ 55. Rf2 Qxh3 56. Rh2 Qe3+ 57. Kh1 Qe1+ 58. Kg2 Qe2+ 59. Kh3 Qe4 60. Kh4 Qg6 61. Rh3 Qxh6+ 62. Kg3 Qe3+ 63. Kg2 Qe2+ 64. Kg3 Qe3+ 65. Kh4 Qe4 66. Kh5 Qh7+ 67. Kg5 Qe4 68. Kf6 d3 69. Kg7 d2 70. Kh8 d1=Q 71. Kg8 Qdxg4+ 0-1

[Event "Play for Durgesh Fundraiser Blitz"]
[Site "Vishy Anand Arena"]
[Date "2020.09.19"]
[Round "3"]
[White "Invokeanand"]
[Black "Believe1996"]
[Result "0-1"]
[WhiteElo "1573"]
[BlackElo "1342"]
[Annotator "NA"]
[PlyCount "66"]
[EventDate "2020.09.19"]
[EventType "swiss (blitz)"]

1. e4 d5 2. Nf3 dxe4 3. Ng1 Nf6 4. d3 exd3 5. Bxd3 Nc6 6. Nf3 Nb4 7. Bf4 Nxd3+ 8. cxd3 e6 9. O-O Bd6 10. Nc3 Bxf4 11. d4 Nd5 12. Qa4+ c6 13. Rae1 Nxc3 14. bxc3 O-O 15. Ne5 Bxe5 16. dxe5 Qd5 17. Rd1 Qb5 18. Qg4 Qxe5 19. Rde1 Qxc3 20. Re3 Qa5 21. Rg3 Qe5 22. f4 Qf6 23. Kh1 e5 24. f5 Be6 25. h4 g6 26. h5 Bxf5 27. Qf3 Kg7 28. hxg6 fxg6 29. Qb3 Be6 30. Qxb7+ Rf7 31. Qb2 Qxf1+ 32. Kh2 Qf2 33. Rh3 Qxb2 0-1

[Event "Play for Durgesh Fundraiser Blitz"]
[Site "Vishy Anand Arena"]
[Date "2020.09.19"]
[Round "3"]
[White "SAIMANIVANNAN"]
[Black "Govin4475"]
[Result "1-0"]
[WhiteElo "1573"]
[BlackElo "1203"]
[Annotator "NA"]
[PlyCount "65"]
[EventDate "2020.09.19"]
[EventType "swiss (blitz)"]

1. Nf3 c5 2. g3 d6 3. Bg2 Nf6 4. c4 e6 5. O-O Be7 6. d4 O-O 7. b3 cxd4 8. Nxd4 Bd7 9. Bb2 Nc6 10. Nb5 Rb8 11. Nxd6 b6 12. Nc3 Qc7 13. Ndb5 Qc8 14. Rc1 a6 15. Nd6 Qc7 16. Nde4 Nxe4 17. Nxe4 Rfd8 18. Qc2 f6 19. Rfd1 f5 20. Nc3 Nb4 21. Qb1 Bf6 22. a3 Bxc3 23. Bxc3 Nc6 24. Qb2 e5 25. b4 Re8 26. b5 Nd4 27. Bxd4 exd4 28. Qxd4 Be6 29. c5 Rbd8 30. cxb6 Rxd4 31. bxc7 Rxd1+ 32. Rxd1 Rc8 33. b6 1-0

[Event "Play for Durgesh Fundraiser Blitz"]
[Site "Vishy Anand Arena"]
[Date "2020.09.19"]
[Round "3"]
[White "Ghostly"]
[Black "anandfan"]
[Result "0-1"]
[WhiteElo "1571"]
[BlackElo "1802"]
[Annotator "NA"]
[PlyCount "66"]
[EventDate "2020.09.19"]
[EventType "swiss (blitz)"]

1. e4 c5 2. Nf3 d6 3. Nc3 Nf6 4. Bc4 e6 5. d3 a6 6. Be3 d5 7. exd5 exd5 8. Nxd5 Nxd5 9. Bxd5 Qxd5 10. O-O Be7 11. Re1 O-O 12. Bf4 Nc6 13. c4 Qh5 14. Qd2 Bg4 15. Re3 Bf6 16. Rb1 Rfe8 17. Rxe8+ Rxe8 18. Re1 Rxe1+ 19. Qxe1 h6 20. Qe8+ Kh7 21. Qe4+ Qf5 22. Qxf5+ Bxf5 23. Be3 b6 24. b3 Bxd3 25. a4 Bc2 26. Nd2 Bc3 27. Ne4 Bxe4 28. f3 Bc2 29. g4 Bd4 30. Bxd4 Nxd4 31. f4 Bxb3 32. g5 hxg5 33. fxg5 Nf3+ 0-1

[Event "Play for Durgesh Fundraiser Blitz"]
[Site "Vishy Anand Arena"]
[Date "2020.09.19"]
[Round "3"]
[White "V_j"]
[Black "Shivanibai"]
[Result "1-0"]
[WhiteElo "1567"]
[BlackElo "1620"]
[Annotator "NA"]
[PlyCount "55"]
[EventDate "2020.09.19"]
[EventType "swiss (blitz)"]

1. c4 e5 2. g3 Nf6 3. Bg2 Bc5 4. Nc3 O-O 5. Nf3 e4 6. Ng5 Ng4 7. Ngxe4 Bb6 8. O-O Re8 9. d4 f6 10. a3 f5 11. Bg5 Nf6 12. Bxf6 gxf6 13. Nd2 Bxd4 14. Qb3 Nc6 15. e3 Bxc3 16. Qxc3 d6 17. Nf3 Qe7 18. Nd4 Nxd4 19. exd4 Qe2 20. Rfe1 Qh5 21. Bf3 Qf7 22. Bd5 Rxe1+ 23. Rxe1 Qxd5 24. cxd5 Kg7 25. Qxc7+ Kg6 26. Re7 Kh6 27. Rxh7+ Kg5 28. Qg7# 1-0

[Event "Play for Durgesh Fundraiser Blitz"]
[Site "Vishy Anand Arena"]
[Date "2020.09.19"]
[Round "3"]
[White "Arjunkhandelwal"]
[Black "Mastering tempo"]
[Result "0-1"]
[WhiteElo "1564"]
[BlackElo "1954"]
[Annotator "NA"]
[PlyCount "116"]
[EventDate "2020.09.19"]
[EventType "swiss (blitz)"]

1. e4 d5 2. exd5 Nf6 3. d4 Bg4 4. Be2 Bxe2 5. Nxe2 Qxd5 6. Nbc3 Qxg2 7. Rg1 Qxh2 8. Bf4 Qh5 9. Rg5 Qh1+ 10. Rg1 Qc6 11. d5 Qd7 12. Qd3 c6 13. O-O-O cxd5 14. Bxb8 Rxb8 15. Nxd5 Nxd5 16. Qxd5 Qxd5 17. Rxd5 e6 18. Rd3 Rd8 19. Rb3 Rd7 20. Nc3 f6 21. Re1 Kf7 22. Ne4 g6 23. Rf3 Bh6+ 24. Kb1 f5 25. Nc5 Re7 26. Rh3 Bg5 27. Rg3 Bf6 28. Rb3 b6 29. Nd3 e5 30. a3 e4 31. Nf4 Rd7 32. Rb4 Rhd8 33. Rc4 Rd1+ 34. Rxd1 Rxd1+ 35. Ka2 Rd7 36. Rc6 g5 37. Nh5 Be7 38. Rh6 Kg8 39. Rc6 Rd6 40. Rc7 Bf8 41. Rc8 Rd2 42. Kb3 Rxf2 43. Rc7 Rh2 44. Nf6+ Kh8 45. Ne8 h5 46. Rc8 Kg8 47. Nf6+ Kf7 48. Nd5 Ke6 49. Rc7 Kxd5 50. Rd7+ Ke5 51. Rc7 Kf4 52. Re7 e3 53. Kb4 e2 54. Kb5 Kf3 55. Kc6 f4 56. Kb7 Bxe7 57. Ka6 e1=Q 58. Kb7 Qe2 0-1

[Event "Play for Durgesh Fundraiser Blitz"]
[Site "Vishy Anand Arena"]
[Date "2020.09.19"]
[Round "3"]
[White "Sml_hari"]
[Black "Stormingrage_60"]
[Result "0-1"]
[WhiteElo "1563"]
[BlackElo "1620"]
[Annotator "NA"]
[PlyCount "86"]
[EventDate "2020.09.19"]
[EventType "swiss (blitz)"]

1. d4 e6 2. c3 Be7 3. Bf4 d6 4. e4 Bd7 5. e5 d5 6. Nf3 Nc6 7. Nbd2 f6 8. exf6 Nxf6 9. Bd3 Bd6 10. Bxd6 cxd6 11. O-O Qc7 12. Qc2 Rc8 13. a3 a6 14. Rae1 O-O 15. Ng5 g6 16. Nxe6 Bxe6 17. Rxe6 Rce8 18. Rxe8 Rxe8 19. Nf3 Rc8 20. Bxg6 hxg6 21. Qxg6+ Qg7 22. Qf5 Ne7 23. Qe6+ Qf7 24. Qxd6 Rc6 25. Qd8+ Qf8 26. Qa5 Ne4 27. Ne5 Rc8 28. f3 Nd2 29. Re1 Nc4 30. Nxc4 dxc4 31. Qb4 Ng6 32. Qxb7 Re8 33. Qd5+ Kg7 34. Re4 Rxe4 35. fxe4 Qf7 36. Qg5 Qf6 37. Qg3 Kf7 38. h3 Qe7 39. Qf3+ Qf6 40. Qg3 Qf4 41. Qe1 Kf6 42. e5+ Nxe5 43. dxe5+ Qxe5 0-1

[Event "Play for Durgesh Fundraiser Blitz"]
[Site "Vishy Anand Arena"]
[Date "2020.09.19"]
[Round "3"]
[White "nishu123"]
[Black "Apply11"]
[Result "0-1"]
[WhiteElo "1560"]
[BlackElo "1839"]
[Annotator "NA"]
[PlyCount "28"]
[EventDate "2020.09.19"]
[EventType "swiss (blitz)"]

1. e4 c5 2. c3 Nf6 3. Nf3 Nxe4 4. Bc4 d5 5. Bb5+ Bd7 6. Bd3 Nc6 7. O-O Bg4 8. Bxe4 dxe4 9. Na3 exf3 10. gxf3 Bh3 11. Re1 e6 12. f4 Qf6 13. d4 Qg6+ 14. Kh1 Qg2# 0-1

[Event "Play for Durgesh Fundraiser Blitz"]
[Site "Vishy Anand Arena"]
[Date "2020.09.19"]
[Round "3"]
[White "Ravs_rams"]
[Black "Parth11"]
[Result "0-1"]
[WhiteElo "1557"]
[BlackElo "1430"]
[Annotator "NA"]
[PlyCount "32"]
[EventDate "2020.09.19"]
[EventType "swiss (blitz)"]

1. e4 e6 2. d4 d5 3. exd5 exd5 4. Nf3 Be6 5. Be2 Nc6 6. O-O Nf6 7. Bg5 Bd6 8. Nc3 Qd7 9. Bxf6 gxf6 10. Bb5 O-O-O 11. Re1 Rhg8 12. Bf1 Bg4 13. Kh1 Qf5 14. Bb5 Qh5 15. Be2 Bxf3 16. Bxf3 Qxh2# 0-1

[Event "Play for Durgesh Fundraiser Blitz"]
[Site "Vishy Anand Arena"]
[Date "2020.09.19"]
[Round "3"]
[White "AVNEESH"]
[Black "Ashutosh Agrawal"]
[Result "0-1"]
[WhiteElo "1550"]
[BlackElo "1717"]
[Annotator "NA"]
[PlyCount "88"]
[EventDate "2020.09.19"]
[EventType "swiss (blitz)"]

1. e4 c5 2. Nf3 e6 3. Nc3 d5 4. exd5 exd5 5. Bb5+ Nc6 6. d3 Nf6 7. Bg5 Be7 8. Nxd5 Nxd5 9. Bxe7 Ndxe7 10. O-O O-O 11. Qe2 a6 12. Bc4 b5 13. Bb3 Na5 14. a4 Nxb3 15. cxb3 Bd7 16. Rac1 bxa4 17. Rxc5 axb3 18. Rc3 Be6 19. Ng5 Bd5 20. Qe5 Ng6 21. Qe3 h6 22. Nh3 Qh4 23. Qg3 Qxh3 24. gxh3 a5 25. Rc5 Be6 26. Qf3 a4 27. Rcc1 Nh4 28. Qg3 Ng6 29. Qf3 Rfd8 30. Rcd1 Ne5 31. d4 Nxf3+ 32. Kg2 Nh4+ 33. Kh1 Bxh3 34. Rg1 Ng6 35. Rde1 Rxd4 36. Re3 Be6 37. Reg3 Kh7 38. Rf3 Bd5 39. Kg2 Bxf3+ 40. Kxf3 Rf4+ 41. Ke2 Re8+ 42. Kf1 Rc8 43. Rg2 Rc1+ 44. Ke2 Rc2+ 0-1

[Event "Play for Durgesh Fundraiser Blitz"]
[Site "Vishy Anand Arena"]
[Date "2020.09.19"]
[Round "3"]
[White "amurali"]
[Black "Nalini Agarwala"]
[Result "1-0"]
[WhiteElo "1542"]
[BlackElo "1487"]
[Annotator "NA"]
[PlyCount "43"]
[EventDate "2020.09.19"]
[EventType "swiss (blitz)"]

1. e4 e5 2. Bc4 Nc6 3. Nc3 Nf6 4. d3 Bb4 5. Nge2 Bxc3+ 6. Nxc3 O-O 7. O-O d6 8. Bg5 a6 9. Nd5 b5 10. Bb3 Nd4 11. c3 Nxb3 12. axb3 c6 13. Nxf6+ gxf6 14. Bh6 Re8 15. Qf3 Kh8 16. Qh5 Qe7 17. f4 Rg8 18. fxe5 fxe5 19. Rxf7 Qe6 20. Rxh7+ Kxh7 21. Bf8+ Qh6 22. Qxh6# 1-0

[Event "Play for Durgesh Fundraiser Blitz"]
[Site "Vishy Anand Arena"]
[Date "2020.09.19"]
[Round "3"]
[White "Shivanthm"]
[Black "Twobrothers"]
[Result "0-1"]
[WhiteElo "1541"]
[BlackElo "1833"]
[Annotator "NA"]
[PlyCount "120"]
[EventDate "2020.09.19"]
[EventType "swiss (blitz)"]

1. e4 e5 2. Nf3 Nc6 3. Bb5 a6 4. Ba4 Nf6 5. O-O Be7 6. Re1 b5 7. Bb3 d6 8. c3 O-O 9. h3 Na5 10. Bc2 c5 11. d4 Qc7 12. d5 g6 13. Nbd2 Bd7 14. Nf1 Rfb8 15. b3 Bf8 16. Ng3 Bg7 17. Nh2 Nb7 18. Ng4 a5 19. Bb2 Nd8 20. Qf3 Nxg4 21. hxg4 f6 22. Bc1 Nf7 23. Be3 Rf8 24. Qe2 Ng5 25. f3 Nf7 26. Qd2 b4 27. c4 Ra7 28. g5 fxg5 29. Bxg5 Nxg5 30. Qxg5 Raa8 31. Kf2 Qd8 32. Qxd8 Raxd8 33. a3 Ra8 34. Ke2 Bh6 35. Nf1 Rfb8 36. a4 Rf8 37. Ne3 Rf7 38. Rh1 Bg7 39. Raf1 Raf8 40. Bd3 h5 41. g3 Bh6 42. Ng2 Bg5 43. Ne3 Kg7 44. Rf2 Bh6 45. Rhf1 Bc8 46. Ng2 Bh3 47. Rg1 Bg5 48. Rff1 Bh6 49. Rf2 g5 50. Rgf1 g4 51. fxg4 Bxg4+ 52. Ke1 Rxf2 53. Rxf2 Rxf2 54. Kxf2 Bd1 55. Nh4 Kf6 56. Nf5 Bf8 57. Be2 Bxb3 58. Bxh5 Bxa4 59. g4 Bb3 60. Kg3 Kg5 0-1

[Event "Play for Durgesh Fundraiser Blitz"]
[Site "Vishy Anand Arena"]
[Date "2020.09.19"]
[Round "3"]
[White "SatvikCV"]
[Black "LegendBoy6"]
[Result "1-0"]
[WhiteElo "1517"]
[BlackElo "1534"]
[Annotator "NA"]
[PlyCount "95"]
[EventDate "2020.09.19"]
[EventType "swiss (blitz)"]

1. e4 e5 2. Nf3 Nc6 3. Bc4 Nf6 4. Ng5 d5 5. exd5 Na5 6. Bb5+ c6 7. dxc6 bxc6 8. Ba4 Bc5 9. Qf3 Bb7 10. Nc3 O-O 11. a3 Bb6 12. O-O c5 13. Qg3 Bc7 14. Nb5 Ne4 15. Nxe4 Bxe4 16. d3 Bc6 17. Bg5 f6 18. Bh6 Rf7 19. Nxc7 Qxc7 20. Bxc6 Nxc6 21. Rad1 Nd4 22. Rfe1 Nf5 23. Qf3 Nxh6 24. Qxa8+ Rf8 25. Qe4 Qb6 26. b3 Qa5 27. Ra1 Qc3 28. Qd5+ Nf7 29. Qc4 Qd4 30. Qxd4 cxd4 31. b4 Nd6 32. Rab1 Rb8 33. a4 a6 34. c4 dxc3 35. Rbc1 Rxb4 36. Rxc3 Rxa4 37. Rc6 Rd4 38. Rxa6 Rxd3 39. Rb1 Nb5 40. h3 Nd6 41. Ra7 h6 42. Rb8+ Kh7 43. Raa8 Rd1+ 44. Kh2 Kg6 45. h4 Nf5 46. g4 Nxh4 47. Kh3 Rh1+ 48. Kg3 1-0